000 00254nam a2200109Ia 4500
008 230411s9999 xx 000 0 und d
041 _aeng
082 _aEC/330/LIP/B03779
100 _aLipsey
_9109168
245 _aEconomics
999 _c154591
_d154591